000 00885nam a2200217 a 4500
999 _c1796
_d1796
001 1796
003 BD-JhCC
005 20171210084951.0
008 171024s2007 bg |||| |||| 001 0 ben d
020 _a9844585554
035 _a(BD-JhCC)1796
040 _aBD-JhCC
_dBD-JhCC
041 _aben
082 _a338.092
_bLOO 2007
100 _aলো, জ্যানেট
245 _aবিল গেটস্ :
_bদ্যা গ্রেটেস্ট এনট্র্যাপ্রেনার অব সফটওয়্যার /
_c জ্যানেট লো : শরিফুল ইসলাম ভূঁইয়া (সম্পা.)
260 _aঢাকা :
_bসময় প্রকাশন,
_c২০০৭.
300 _a১৫৮ পৃ :
_c২১ সেমি.
700 _a ভূঁইয়া ,শরিফুল ইসলাম
942 _2ddc
_cBK